Filiations et régionalité dans trois fictions québécoise contemporaines

Bibliographic Details
Main Author: Langevin, Francis (Author)
Format: Article
Language:French
ISBN:9788055507354
Subjects:

MARC

LEADER 00000cab a2200000 a 4500
001 vtls010552498
003 SK-MaSNL
005 20260305044545.0
008 131022c2012 xo r m 000 00fre
015 |a SNBRA2013/10 
038 |a SVKPO 
040 |a SVKPOCL  |b slo  |c SVKPOCL  |e AACR2 
041 0 |a fre  |b eng 
044 |a xo  |c SK 
080 |a 821.133.1.09  |2 2001 
080 |a 82.07  |2 2001 
080 |a 82:929:821.133.1(71)  |2 2001 
080 |a 821.133.1(71)  |2 2001 
080 |a 82.09  |2 2001 
100 1 |a Langevin, Francis  |4 aut  |9 416912 
245 1 0 |a Filiations et régionalité dans trois fictions québécoise contemporaines  |c Francis Langevin 
504 |a Bibliogr. odkazy 
546 |a Abstr. angl., res. fre. 
600 1 7 |a Archibald, Samue  |t Arvida  |2 svkpocl  |9 1627915 
600 1 7 |a Tremblay, Lise,  |d 1957-  |t La Héronniére  |2 svkpocl  |9 1627916 
600 1 7 |a Bock, Raymond  |t Atavismes  |2 svkpocl  |9 1627708 
650 0 7 |a romány o rodine  |2 svkpocl  |9 1245496 
650 0 7 |a francúzsky písaná literatúra  |2 svkpocl  |9 66469 
650 0 7 |a kanadská literatúra (francúzsky)  |2 SNKPH  |9 1409 
650 0 7 |a literárnovedné rozbory  |2 svkpocl  |9 241582 
650 0 7 |a kanadská próza (francúzsky)  |2 SNKPH  |9 208251 
651 7 |a Quebec  |2 svkpocl  |9 81517 
655 7 |a štúdie  |2 svkpocl  |9 57033 
773 0 |t Histoires de familles et de territoires / études rassemblées par Zuzana Malinovská, Sylviane Alice Coyault et Francis Langevin  |d Prešov : Prešovská univerzita, Filozofická fakulta, 2012  |g S. 83-99  |z 9788055507354 
852 |a SVKPO  |b KIS3GCP 
958 |a SK 
958 |a NB 
958 |a CA 
958 |a LX 
999 |c 3359283  |d 3361213